| 000 | 00579nam a22001817a 4500 | ||
|---|---|---|---|
| 005 | 20241015075152.0 | ||
| 008 | 241015b |||||||| |||| 00| 0 eng d | ||
| 020 | _a9780620709200 | ||
| 041 | _aEnglish | ||
| 082 | _a158 KAN | ||
| 100 | _lEnglish | ||
| 245 |
_aThe Make of a Real Woman : _bThe art of manifesting womanhood in the marketplace and in marriage / _cNL Kangwa |
||
| 250 | _aFirst Edition | ||
| 260 |
_aJohannesburg: _bKwarts Publishers, _c2019 |
||
| 300 |
_b174 pages; _c22 cm. |
||
| 650 |
_aLegal practice _bLaw |
||
| 942 |
_cBK _6ALISON_BN_VRIES |
||
| 999 |
_c3220 _d3220 |
||